01035nam a2200169Ia 450000500170000000800410001702000150005808200150007310000170008824501110010526000420021630000170025850004740027594200060074995200970075599900130085220240718070845.0240331s9999 xx 000 0 und d a9559263009 a200.9bSAV aSaverj, N.M. 2aA Catholic - Hindu encouter :brelations between Roman Catholics and Hindus in Jaffna Sri Lanka ,1900-1926 aJaffnabCentre For Performing Artsc  aiv, 347 p ., aThis book on an Important theme is a solid contribution to the social history of the Tamil peoples in the Jaffna peninsula. the author has demonstrated a highly commendable understanding of two major religions. The study is written in lucid and eminently readable style and arrests the eager attention of the reader. Books on modern Jaffna are few. and Dr. Saveri's study is an invaluable contribution to our knowledge of the more recent past in northernmost Sri Lanka cL 001040708LaWERCLbWERCLcSSCd2024-03-31l0o 200.9 SAVp3793r2024-03-31w2024-03-31yL c802d802